000 00644 a2200193 4500
003 Nust
005 20230119112322.0
010 _a 76000856
020 _a007038097X
040 _cNust
082 0 0 _a671,LIT
100 1 _aLittle, Richard L.
_944979
245 1 0 _aMetalworking technology /
_cRichard L. Little.
260 _aNew York :
_bMcGraw-Hill, Gregg Division,
_cc1977.
300 _aix, 430 p. :
_bill. ;
_c24 cm.
505 _aMetals (Page-1), Quality Control (Page-67), Hot Metalworking (Page-113), Cold Metalworking (Page-219), Welding Processes (Page-265), Machine Tools (Page-351).
650 0 _aMetal-work.
942 _2ddc
_cBK
999 _c185020
_d185020